000 00428nam a2200157 i 4500
001 20300
003 ES-MaACL
005 20230906152255.0
007 t|
008 021111s1969 sp ||||1| spa d
100 1 _aAguirre Franco, Rafael.
_918875
245 1 0 _aAquellos dos meses /
_cRafael Aguirre Franco.
260 _a[Zarauz] :
_bIcharopena,
_c[1969]
300 _a118 p. ;
_c18 cm.
852 _aES-MaACL
_jC-35935
_bR.69394
999 _c20300
_d20300